Interaction between synthetic isoquinoline alkaloid derivatives and some plant natural products in antimicrobial chemotherapy / (رقم التسجيلة. 14260)

تفاصيل مارك
000 -LEADER
fixed length control field 017430000a22003490004500
003 - CONTROL NUMBER IDENTIFIER
control field EG-GICUC
005 - DATE AND TIME OF LATEST TRANSACTION
control field 20250223025508.0
008 - FIXED-LENGTH DATA ELEMENTS--GENERAL INFORMATION
fixed length control field 081025s2008 ua dh f m 000 0 eng d
040 ## - CATALOGING SOURCE
Original cataloging agency EG-GICUC
Language of cataloging eng
Transcribing agency EG-GICUC
041 0# - LANGUAGE CODE
Language code of text/sound track or separate title Eng
049 ## - LOCAL HOLDINGS (OCLC)
Holding library Deposite
097 ## - Thesis Degree
Thesis Level M.Sc
099 ## - LOCAL FREE-TEXT CALL NUMBER (OCLC)
Classification number Cai01.12.05.M.Sc.2008.Ra.I
100 0# - MAIN ENTRY--PERSONAL NAME
Personal name Rasha Mohamed Naguib Ali
245 10 - TITLE STATEMENT
Title Interaction between synthetic isoquinoline alkaloid derivatives and some plant natural products in antimicrobial chemotherapy /
Statement of responsibility, etc. Rasha Mohamed Naguib Ali ; Supervised Tahany Mohamed Abdelrahman , Hamdy Mahmoud Hassaneen , Mohsen Aboelasayed
246 15 - VARYING FORM OF TITLE
Title proper/short title التداخل بين مشتقات قلويدات الايزوكينولين المصنعة وبعض المنتجات النباتية الطبيعية كعلاج كيميائى كضاد للميكروبات
260 ## - PUBLICATION, DISTRIBUTION, ETC.
Place of publication, distribution, etc. Cairo :
Name of publisher, distributor, etc. Rasha Mohamed Naguib Ali ,
Date of publication, distribution, etc. 2008
300 ## - PHYSICAL DESCRIPTION
Extent 130Leaves :
Other physical details charts , facsimiles ;
Dimensions 30cm
502 ## - DISSERTATION NOTE
Dissertation note Thesis (M.Sc.) - Cairo University - Faculty Of Science - Department Of Botany (Microbiology)
520 ## - SUMMARY, ETC.
Summary, etc. Two synthesized Isoquinoline alkaloid derivatives A and B were assayed for their antimicrobial activities against some microbial species , especially for Candida parapsilosis and Aspergillus flavus.Combined antifungal assays of Isoq
530 ## - ADDITIONAL PHYSICAL FORM AVAILABLE NOTE
Additional physical form available note Issued also as CD
653 #4 - INDEX TERM--UNCONTROLLED
Uncontrolled term Cinnamon oil
653 #4 - INDEX TERM--UNCONTROLLED
Uncontrolled term Garlic oil
653 #4 - INDEX TERM--UNCONTROLLED
Uncontrolled term Isoquinoline alkaloid derivatives
700 0# - ADDED ENTRY--PERSONAL NAME
Personal name Hamdy Mahmoud Hassaneen ,
Relator term
700 0# - ADDED ENTRY--PERSONAL NAME
Personal name Mohsen Aboelasayed ,
Relator term
700 0# - ADDED ENTRY--PERSONAL NAME
Personal name Tahany Mohamed Abdelrahman ,
Relator term
856 ## - ELECTRONIC LOCATION AND ACCESS
Uniform Resource Identifier <a href="http://172.23.153.220/th.pdf">http://172.23.153.220/th.pdf</a>
905 ## - LOCAL DATA ELEMENT E, LDE (RLIN)
Cataloger Fatma
Reviser Cataloger
905 ## - LOCAL DATA ELEMENT E, LDE (RLIN)
Cataloger Nazla
Reviser Revisor
942 ## - ADDED ENTRY ELEMENTS (KOHA)
Source of classification or shelving scheme Dewey Decimal Classification
Koha item type Thesis
المقتنيات
Source of classification or shelving scheme Not for loan Home library Current library Date acquired Full call number Barcode Date last seen Koha item type Copy number
Dewey Decimal Classification   المكتبة المركزبة الجديدة - جامعة القاهرة قاعة الرسائل الجامعية - الدور الاول 11.02.2024 Cai01.12.05.M.Sc.2008.Ra.I 01010110049989000 22.09.2023 Thesis  
Dewey Decimal Classification   المكتبة المركزبة الجديدة - جامعة القاهرة مخـــزن الرســائل الجـــامعية - البدروم 11.02.2024 Cai01.12.05.M.Sc.2008.Ra.I 01020110049989000 22.09.2023 CD - Rom 49989.CD
Cairo University Libraries Portal Implemented & Customized by: Eng. M. Mohamady Contacts: new-lib@cl.cu.edu.eg | cnul@cl.cu.edu.eg
CUCL logo CNUL logo
© All rights reserved — Cairo University Libraries
CUCL logo
Implemented & Customized by: Eng. M. Mohamady Contact: new-lib@cl.cu.edu.eg © All rights reserved — New Central Library
CNUL logo
Implemented & Customized by: Eng. M. Mohamady Contact: cnul@cl.cu.edu.eg © All rights reserved — Cairo National University Library